<?xml version="1.0" encoding="UTF-8"?>
<collection xmlns="http://www.loc.gov/MARC21/slim">
 <record>
  <leader>01442nam a2200229Ia 4500</leader>
  <controlfield tag="001">CTU_177735</controlfield>
  <controlfield tag="008">210402s9999    xx            000 0 und d</controlfield>
  <datafield tag="082" ind1=" " ind2=" ">
   <subfield code="a">636.5</subfield>
  </datafield>
  <datafield tag="082" ind1=" " ind2=" ">
   <subfield code="b">S106</subfield>
  </datafield>
  <datafield tag="088" ind1=" " ind2=" ">
   <subfield code="a">60620105</subfield>
  </datafield>
  <datafield tag="100" ind1=" " ind2=" ">
   <subfield code="a">Nguyễn, Thanh Sang</subfield>
  </datafield>
  <datafield tag="245" ind1=" " ind2="0">
   <subfield code="a">Ảnh hưởng của khẩu phần qua các giai đoạn sinh trưởng khác nhau lên năng suất, chất lượng thân thịt và tỉ lệ tiêu hóa của gà thịt COBB 500 :</subfield>
  </datafield>
  <datafield tag="245" ind1=" " ind2="0">
   <subfield code="b">Luận văn Thạc sĩ Khoa học Nông nghiệp. Chuyên ngành Chăn nuôi</subfield>
  </datafield>
  <datafield tag="245" ind1=" " ind2="0">
   <subfield code="c">Nguyễn Thanh Sang ; Nguyễn Thị Kim Khang, Nguyễn Nhựt Xuân Dung (hướng dẫn khoa học)</subfield>
  </datafield>
  <datafield tag="260" ind1=" " ind2=" ">
   <subfield code="a">Cần Thơ</subfield>
  </datafield>
  <datafield tag="260" ind1=" " ind2=" ">
   <subfield code="b">Trường Đại học Cần Thơ</subfield>
  </datafield>
  <datafield tag="260" ind1=" " ind2=" ">
   <subfield code="c">2012</subfield>
  </datafield>
  <datafield tag="520" ind1=" " ind2=" ">
   <subfield code="a">Thí nghiệm 1: Ảnh hướng của ba loại khẩu phần qua các giai đoạn nuôi đến năng suất sinh trưởng của gà COBB 500. thí nghiệm 2: Ảnh hướng của ba loại khẩu phần qua các giai đoạn tăng trưởng và vỗ béo đến tỉ lệ tiêu hóa dưỡng chất, nito tích lũy, năng lượng trao đổi và thành phần quầy thịt.</subfield>
  </datafield>
  <datafield tag="650" ind1=" " ind2=" ">
   <subfield code="a">Chickens,Gà</subfield>
  </datafield>
  <datafield tag="650" ind1=" " ind2=" ">
   <subfield code="x">Breeding,Sự chăn nuôi</subfield>
  </datafield>
  <datafield tag="904" ind1=" " ind2=" ">
   <subfield code="i">Ngọc huyền, Năm</subfield>
  </datafield>
  <datafield tag="980" ind1=" " ind2=" ">
   <subfield code="a">Trung tâm Học liệu Trường Đại học Cần Thơ</subfield>
  </datafield>
 </record>
</collection>
